LEADER 00989naa a2200181 i 4500 001 000000307732 003 CaOOAMICUS 005 20180831172922.0 008 180831n it u000 u ita u 013 $a16579 040 $aSeMil$bita 100 1 $aSalmann, Elmar,$c.$0(OLS)http://semarc/name/15776 245 13$aLa benedizione sacramentale - Compagnia e compagine per una concezione diversa dell'universalitā mediata. 650 4$aSacramenti - Teologia cattolica.$0(OLS)http://semarc/subject/113 650 4$aUniversalitā - Salvezza.$0(OLS)http://semarc/subject/40630 650 4$aMediazione sacramentale.$0(OLS)http://semarc/subject/43695 773 0 $tUniversalitā della salvezza e mediazione sacramentale.$dAssisi : Cittadella, 2010.$kGestis verbisque / Istituto Teologico Marchigiano$z978-88-308-1025-9$gp.28-44$w()187013 996 $6245$aLa benedizione sacramentale - Compagnia e compagine per una concezione diversa dell'universalitā mediata$9(OLS)http://semarc/title/383053 LEADER 00811naa a2200169 i 4500 001 000000308253 003 CaOOAMICUS 005 20180831172932.0 008 180831n it u000 u ita u 013 $a17217 040 $aSeMil$bita 100 1 $aTerrin, Aldo Natale.$0(OLS)http://semarc/name/15564 245 10$aMotivi apocalittici nella storia comparata delle regioni. 650 4$aApocalittica.$0(OLS)http://semarc/subject/8590 650 4$aReligioni - Storia comparata.$0(OLS)http://semarc/subject/3581 773 0 $aAmbrosio, Gianni $tApocalittica e liturgia del compimento.$dPadova : Abbazia di Santa Giustina ; Messaggero, 2000.$kCaro Salutis Cardo. Contributi$z88-250-0924-0$gp.70-114$w()77111 996 $6245$aMotivi apocalittici nella storia comparata delle regioni$9(OLS)http://semarc/title/383527 LEADER 01171nam a2200253 i 4500 001 000000201712 003 CaOOAMICUS 005 20110504000000.0 008 110504n it u000 u ita u 013 $a180418 040 $aSeMil$bita 100 1 $aConci, Cristina.$0(OLS)http://semarc/name/72891 245 13$aIl catecumenato oggi. Alcune proposte statunitensi /$cTesi di Magistero in Scienze Religiose di Cristina Conci ; relatore: prof. Paolo Sartor. 260 $a[S.l. :$bs.n.,$c1999] 300 $a119 c. ;$c30 cm. 500 $aIn testa al front. : Istituto Superiore di Scienze Religiose di Milano. - A pič del front. : Anno Accademico 1998/1999. 650 4$aTesi di laurea.$0(OLS)http://semarc/subject/1690 650 4$aCatecumenato.$0(OLS)http://semarc/subject/2199 700 1 $aSartor, Paolo.$0(OLS)http://semarc/name/29109 850 $aSeMil 852 $aSeMil$W1$xVenegono$y1$m4X VIII 16$j152238$B152238$CSeMilBibl$Z2$F163381 $8L 961 $aOmaggio: Caspani don Pierpaolo 996 $6245$aIl catecumenato oggi. Alcune proposte statunitensi$9(OLS)http://semarc/title/291945 996 $6260$a[S.l. :$bs.n.$9(OLS)http://semarc/publisher/31686